01086nas a2200301 4500001001300000003000900013005001700022007000300039008003400042040005400076041000900130072000800139100001700147100002100164245007900185246007900264650001000343650001300353650001200366650001800378650001900396650002100415773011500436909004000551942001800591999001900609952015600628BR2011004516BR-BrBNA20231205115519.0ta230509b bl.|||p| |||| 00| 00por d aBR-BrBNAbporcBiblioteca Nacional de Agricultura a(En) aJ111 aAndreoli, C.1 aAndrade, R.V. de1 aSeed longevity chart to predict viability of corn seed during open storage1 aSeed longevity chart to predict viability of corn seed during open storage aMILHO aZEA MAYS aSEMENTE aARMAZENAMENTO aGERMINAÇÃO aDETERIORAÇÃO0 tRevista Brasileira de Milho e Sorgo (Brazil)xISSN 1676-689Xg(May-Aug 2007), v. 6(2) p. 247-255wBR2011004516 a202311bLúciac55dLúcia Elande 2AGRISn0cANA c214185d214185 002AGRIS4071a41918b41918cPeriódicos Agrícolash(May-Aug 2007), v. 6(2) p. 247-255l0r2023-11-29t01yCRePortaria Interministerial nº 164/94